Rabindranath Tagore: (Record no. 69432)

MARC details
000 -LEADER
fixed length control field 01610nam a22002537a 4500
005 - DATE AND TIME OF LATEST TRANSACTION
control field 20120828121313.0
010 ## - LCCN (DPL NO)
LC control number B-462244-248
020 ## - INTERNATIONAL STANDARD BOOK NUMBER
International Standard Book Number 817648279
Terms of availability 400.00
035 ## - SYSTEM CONTROL NUMBER
System control number B-462244-248
037 ## - SOURCE OF ACQUISITION
Stock number dpl
Source of stock number/acquisition K.K. Pub/Ven
082 ## - DEWEY DECIMAL CLASSIFICATION NUMBER
Classification number 863.1092
100 ## - MAIN ENTRY--PERSONAL NAME
Personal name Pradhan, Gaurav
245 ## - TITLE STATEMENT
Title Rabindranath Tagore:
Remainder of title literary concepts/
Statement of responsibility, etc by Gaurav Pradhan
260 ## - PUBLICATION, DISTRIBUTION, ETC. (IMPRINT)
Place of publication, distribution, etc New Delhi
Name of publisher, distributor, etc A.P.H Publishing Corporation
Date of publication, distribution, etc 2002
270 ## - ADDRESS
Address 5, Ansari Road, Darya Ganj
City New Delhi
300 ## - PHYSICAL DESCRIPTION
Extent vii 162p.
Dimensions 22cm.(Hb)
942 ## - ADDED ENTRY ELEMENTS (KOHA)
Source of classification or shelving scheme Dewey Decimal Classification
Item type English Books
Classification part 863.1092
Call number suffix PRA
Holdings
Withdrawn status Lost status Not for loan Collection code Home library Current library Date acquired Source of acquisition Cost, normal purchase price Full call number Barcode Copy number Cost, replacement price Koha item type
    Not For Loan Non-fiction Central Library Central Library 30/08/2012 K.K.Pub/1531/26.12.2011/SP83/12.12.2011/15.02.2012 400.00 863.1092 PRA B-462244 1 400.00 English Books
    Not For Loan Non-fiction Karol Bagh Karol Bagh 30/08/2012 K.K.Pub/1531/26.12.2011/SP83/12.12.2011/15.02.2012 400.00 863.1092 PRA B-462247 1 400.00 English Books
    Not For Loan Non-fiction Patel Nagar Patel Nagar 30/08/2012 K.K.Pub/1531/26.12.2011/SP83/12.12.2011/15.02.2012 400.00 863.1092 PRA B-462245 1 400.00 English Books
    Not For Loan Non-fiction Sarojini Nagar Sarojini Nagar 30/08/2012 K.K.Pub/1531/26.12.2011/SP83/12.12.2011/15.02.2012 400.00 863.1092 PRA B-462246 1 400.00 English Books
      Non-fiction Shahdara Branch Shahdara Branch 30/08/2012 K.K.Pub/1531/26.12.2011/SP83/12.12.2011/15.02.2012 400.00 863.1092 PRA B-462248 1 400.00 English Books

© Delhi Public Library
Hit Counter
free hit counter